薬理学クイズ - Statistics

General Stats
  • This quiz has been taken 16 times
  • The average score is 36 of 299
Answer Stats
Hint Answer % Correct
コリン作動薬 コリン誘導体 アセチルコリン
89%
アドレナリン作動薬 カテコールアミン アドレナリン
56%
アドレナリン作動薬 カテコールアミン ノルアドレナリン
56%
アドレナリン作動薬 カテコールアミン ドパミン
56%
局所麻酔薬 アミド型 リドカイン
56%
強心薬 カテコールアミン系 ドパミン
56%
抗不整脈薬 第Ⅰ群 リドカイン
56%
コリンエステラーゼ再賦活薬 プラリドキシム(PAM)
56%
中毒治療薬 有機リン系殺虫薬中毒治療薬 プラリドキシム(PAM)
56%
ムスカリン受容体拮抗薬 ピレンゼピン
44%
神経筋接合部遮断薬 脱分極性遮断薬 スキサメトニウム(サクシニルコリン)
44%
アドレナリン作動性効果遮断薬 β受容体拮抗薬 プロプラノロール
44%
局所麻酔薬 エステル型 プロカイン
44%
吸入麻酔薬 揮発性麻酔薬 イソフルラン
44%
吸入麻酔薬 揮発性麻酔薬 セボフルラン
44%
鎮静薬 α₂受容体作動薬 キシラジン
44%
鎮痛薬 アヘンアルカロイド モルヒネ
44%
鎮痛薬 合成麻薬性鎮痛薬 フェンタニル
44%
抗不整脈薬 第Ⅱ群 プロプラノロール
44%
抗高血圧薬 β受容体拮抗薬 プロプラノロール
44%
自律神経節に作用する薬 神経節遮断薬 ヘキサメトニウム(C₆)
44%
神経筋接合部遮断薬 競合性遮断薬 d-ツボクラリン(クラーレ)
44%
ムスカリン受容体拮抗薬 アトロピン
33%
自律神経節に作用する薬 神経節興奮薬 ニコチン
33%
アドレナリン作動薬 カテコールアミン ドブタミン
33%
アドレナリン作動薬 非カテコールアミン サルブタモール
33%
アドレナリン作動性効果遮断薬 α受容体拮抗薬 ヨヒンビン
33%
吸入麻酔薬 揮発性麻酔薬 エーテル
33%
吸入麻酔薬 揮発性麻酔薬 ハロタン
33%
吸入麻酔薬 ガス麻酔薬 亜酸化窒素
33%
注射用麻酔薬 バルビツール酸誘導体 ペントバルビタール
33%
鎮静薬 ベンゾジアゼピン誘導体 ジアゼパム
33%
鎮静薬 ベンゾジアゼピン誘導体 ミダゾラム
33%
鎮静薬 α₂受容体作動薬 メデトミジン
33%
鎮静薬 フェノチアジン誘導体 クロルプロマジン
33%
鎮静薬 ブチロフェノン誘導体 ハロペリドール
33%
問題行動治療薬 三環系抗うつ薬 アミトリプチリン
33%
問題行動治療薬 選択的セロトニン再取り込み阻害薬 フルボキサミン
33%
抗てんかん薬 バルビツール酸誘導体 フェノバルビタール
33%
抗てんかん薬 ベンゾジアゼピン誘導体 ジアゼパム
33%
気管支拡張薬 β₂アドレナリン受容体作動薬 サルブタモール
33%
制吐薬 フェノチアジン誘導体 クロルプロマジン
33%
中毒治療薬 殺虫薬中毒治療薬 アトロピン
33%
コリン作動薬 コリン誘導体 カルバコール
22%
コリン作動薬 コリン誘導体 ベタネコール
22%
コリン作動薬 アルカロイド系 ピロカルピン
22%
ムスカリン受容体拮抗薬 ブチルスコポラミン
22%
コリンエステラーゼ阻害薬 カルバメート化合物 フィゾスチグミン(エゼリン)
22%
コリンエステラーゼ阻害薬 カルバメート化合物 ネオスチグミン
22%
神経筋接合部遮断薬 競合性遮断薬 パンクロニウム
22%
アドレナリン作動薬 非カテコールアミン リトドリン
22%
アドレナリン作動性効果遮断薬 アドレナリン作動性ニューロン遮断薬 レセルピン
22%
局所麻酔薬 アミド型 ブピバカイン
22%
注射用麻酔薬 バルビツール酸誘導体 チオペンタール
22%
注射用麻酔薬 ケタミン
22%
注射用麻酔薬 プロポフォール
22%
鎮静薬 バルビツール酸誘導体 アモバルビタール
22%
鎮静薬 フェノチアジン誘導体 アセプロマジン
22%
問題行動治療薬 三環系抗うつ薬 イミプラミン
22%
問題行動治療薬 選択的セロトニン再取り込み阻害薬 フルオキセチン
22%
抗てんかん薬 バルプロ酸
22%
鎮痛薬 非麻薬性鎮痛薬 ブプレノルフィン
22%
鎮痛薬 モルヒネ拮抗薬 ナロキソン
22%
ヒスタミン受容体拮抗薬 H₁受容体拮抗薬 クロルフェニラミン
22%
レニン-アンジオテンシン系阻害薬 アンジオテンシン変換酵素阻害薬 カプトプリル
22%
レニン-アンジオテンシン系阻害薬 アンジオテンシン変換酵素阻害薬 エナラプリル
22%
レニン-アンジオテンシン系阻害薬 アンジオテンシン変換酵素阻害薬 ベナゼプリル
22%
甲状腺ホルモン調整薬 甲状腺ホルモン拮抗薬 プロピルチオウラシル
22%
ステロイドホルモン 鉱質コルチコイド アルドステロン
22%
ステロイドホルモン 性ステロイド エストロゲン
22%
ステロイドホルモン 性ステロイド プロゲステロン
22%
子宮収縮調節薬 子宮収縮薬 オキシトシン
22%
子宮収縮調節薬 子宮弛緩薬 リトドリン
22%
非ステロイド系抗炎症薬 アスピリン
22%
強心薬 強心配糖体 ジゴキシン
22%
心臓負荷軽減薬 アンジオテンシン変換酵素阻害薬 エナラプリル
22%
心臓負荷軽減薬 アンジオテンシン変換酵素阻害薬 ベナゼプリル
22%
抗高血圧薬 アンジオテンシン変換酵素阻害薬 ベナゼプリル
22%
抗高血圧薬 アンジオテンシン変換酵素阻害薬 エナラプリル
22%
鎮咳薬 麻薬性鎮咳薬 コデイン
22%
抗血栓薬 血小板凝集抑制薬 アスピリン
22%
消化管運動・吸収調節薬 鎮痙薬 ブチルスコポラミン
22%
消化管運動・吸収調節薬 下痢治療に用いる抗菌薬 メトロニダゾール
22%
免疫抑制薬 シクロスポリン
22%
抗生物質 アミノグリコシド系 ストレプトマイシン
22%
抗生物質 マクロライド系 エリスロマイシン
22%
抗生物質 クロラムフェニコール系 クロラムフェニコール
22%
抗生物質 グリコペプチド系 バンコマイシン
22%
抗生物質 リファマイシン系 リファンピシン
22%
抗ウイルス薬 抗ヘルペスウイル薬 アシクロビル
22%
抗鞭毛虫薬 メトロニダゾール
22%
殺虫薬 カルバメート系殺虫薬 カルバリル
22%
消毒薬 ハロゲン系消毒薬 ポピドンヨード(PVP-Ⅰ)
22%
アドレナリン作動薬 非カテコールアミン クロニジン
11%
アドレナリン作動性効果遮断薬 α受容体拮抗薬 フェノキシベンザミン
11%
アドレナリン作動性効果遮断薬 β受容体拮抗薬 メトプロロール
11%
アドレナリン作動性効果遮断薬 β受容体拮抗薬 ブトキサミン
11%
局所麻酔薬 エステル型 ベンゾカイン
11%
鎮静薬 ブチロフェノン誘導体 アザペロン
11%
問題行動治療薬 三環系抗うつ薬 クロミプラミン
11%
鎮痛薬 合成麻薬性鎮痛薬 オキシモルフォン
11%
鎮痛薬 非麻薬性鎮痛薬 ブトルファノール
11%
ヒスタミン受容体拮抗薬 H₁受容体拮抗薬 ジフェンヒドラミン
11%
ヒスタミン受容体拮抗薬 H₂受容体拮抗薬 シメチジン
11%
ヒスタミン受容体拮抗薬 H₂受容体拮抗薬 ファモチジン
11%
レニン-アンジオテンシン系阻害薬 アンジオテンシン受容体拮抗薬 カンデサルタン
11%
甲状腺ホルモン調整薬 甲状腺ホルモン薬 レボチロキシン
11%
甲状腺ホルモン調整薬 甲状腺ホルモン拮抗薬 メチマゾール
11%
糖尿病治療薬 インスリン分泌促進薬 トルブタミド
11%
糖尿病治療薬 α-グルコシダーゼ阻害薬 アカルボース
11%
クッシング症候群治療薬 トリロスタン
11%
ステロイドホルモン 糖質コルチコイド プレドニゾロン
11%
ステロイドホルモン 糖質コルチコイド メチルプレドニゾロン
11%
非ステロイド系抗炎症薬 インドメタシン
11%
非ステロイド系抗炎症薬 痛風治療薬 アロプリノール
11%
非ステロイド系抗炎症薬 抗リウマチ薬 ペニシラミン
11%
心臓負荷軽減薬 血管拡張薬 ニトログリセリン
11%
抗不整脈薬 第Ⅱ群 アテノロール
11%
抗高血圧薬 ジヒドロピリジン系 ニフェジピン
11%
抗高血圧薬 β受容体拮抗薬 アテノロール
11%
抗強心薬 NOドナー ニトログリセリン
11%
抗血栓薬 クマリン誘導体 ワルファリン
11%
抗血栓薬 ヘパリン
11%
抗貧血薬 エリスロポエチン
11%
利尿薬 カリウム保持性利尿薬 トリアムテレン
11%
消化管運動・吸収調節薬 便秘治療薬 モサプリド
11%
消化管運動・吸収調節薬 下痢治療に用いる抗菌薬 タイロシン
11%
免疫抑制薬 アザチオプリン
11%
免疫抑制薬 シクロホスファミド
11%
消毒薬 第四級アンモニウム塩 塩化ベンザルコニウム
11%
消毒薬 アルコール類 エタノール
11%
消毒薬 アルコール類 イソプロパノール
11%
消毒薬 ハロゲン系消毒薬 次亜塩素酸ナトリウム
11%
消毒薬 フェノール誘導体 クレゾール
11%
消毒薬 クロルヘキシジン
11%
合成抗菌薬 サルファ薬 スルファモノメトキシン
11%
合成抗菌薬 葉酸代謝拮抗薬 トリメトプリム
11%
合成抗菌薬 ニューキノロン系 エンロフロキサシン(シプロフロキサシン)
11%
抗生物質 β-ラクタム系 アンピシリン
11%
抗生物質 β-ラクタム系 セファレキシン
11%
抗生物質 アミノグリコシド系 ゲンタマイシン
11%
抗生物質 マクロライド系 タイロシン
11%
抗生物質 テトラサイクリン系 オキシテトラサイクリン
11%
抗生物質 テトラサイクリン系 ドキシサイクリン
11%
抗真菌薬 アゾール系 ケトコナゾール
11%
抗腫瘍薬 アルキル化薬 シクロホスファミド
11%
線虫類駆虫薬 マクロライド系 イベルメクチン
11%
条虫類駆虫薬 プラジクアンテル
11%
吸虫駆虫薬 トリクラベンダゾール
11%
殺虫薬 有機リン系殺虫薬 ジクロルボス
11%
殺虫薬 ピレスロイド系殺虫薬 アレスリン
11%
抗生物質 ペプチド系 ポリミキシンB
11%
抗真菌薬 ポリエン系 アムホテリシンB
11%
アドレナリン作動薬 カテコールアミン イソプレナリン
0%
アドレナリン作動薬 非カテコールアミン クレンブテロール
0%
アドレナリン作動性効果遮断薬 α受容体拮抗薬 プラゾシン
0%
アドレナリン作動性効果遮断薬 α受容体拮抗薬 シロドシン
0%
注射用麻酔薬 アルファキサロン
0%
問題行動治療薬 選択的セロトニン再取り込み阻害薬 パロキセチン
0%
抗てんかん薬 フェニトイン
0%
抗てんかん薬 ゾニサミド
0%
抗てんかん薬 臭化カリウム
0%
鎮痛薬 合成麻薬性鎮痛薬 ペチジン(メペリジン)
0%
鎮痛薬 合成麻薬性鎮痛薬 メサドン
0%
鎮痛薬 合成麻薬性鎮痛薬 ヒドロモルフォン
0%
鎮痛薬 合成麻薬性鎮痛薬 エトルフィン
0%
鎮痛薬 非麻薬性鎮痛薬 ナロルフィン
0%
鎮痛薬 非麻薬性鎮痛薬 ペンタゾシン
0%
ヒスタミン受容体拮抗薬 H₁受容体拮抗薬 プロメタジン
0%
ヒスタミン受容体拮抗薬 H₁受容体拮抗薬 クレマスチン
0%
糖尿病治療薬 インスリン抵抗性改善薬 メトホルミン
0%
糖尿病治療薬 インスリン抵抗性改善薬 ピオグリタゾン
0%
ステロイドホルモン 糖質コルチコイド ヒドロコルチゾン
0%
ステロイドホルモン 糖質コルチコイド デキサメタゾン
0%
ステロイドホルモン 性ステロイド テストステロン
0%
子宮収縮調節薬 プロスタグランジン製剤 ジノプロスト
0%
子宮収縮調節薬 子宮弛緩薬 クレンブテロール
0%
非ステロイド系抗炎症薬 カルプロフェン
0%
非ステロイド系抗炎症薬 ケトプロフェン
0%
非ステロイド系抗炎症薬 フルニキシンメグルミン
0%
非ステロイド系抗炎症薬 ピロキシカム
0%
非ステロイド系抗炎症薬 メロキシカム
0%
強心薬 カテコールアミン系 イソプレナリン
0%
強心薬 cAMP増加薬 アミノフィリン
0%
強心薬 cAMP増加薬 ミルリノン
0%
強心薬 cAMP増加薬 ピモベンダン
0%
心臓負荷軽減薬 血管拡張薬 硝酸イソソルビド
0%
抗不整脈薬 第Ⅰ群 キニジン
0%
抗不整脈薬 第Ⅰ群 プロカインアミド
0%
抗不整脈薬 第Ⅲ群 ソタロール
0%
抗不整脈薬 第Ⅳ群 ベラパミル
0%
抗高血圧薬 α₁受容体拮抗薬 プラゾシン
0%
抗高血圧薬 ジヒドロピリジン系 アムロジピン
0%
抗高血圧薬 ヒドララジン
0%
抗強心薬 NOドナー 硝酸イソソルビド
0%
呼吸興奮薬 呼吸中枢に作用する薬 ドキサプラム
0%
呼吸興奮薬 呼吸中枢に作用する薬 ジモルホラミン
0%
鎮咳薬 末梢性に作用する薬 アセチルシステイン
0%
気管支拡張薬 キサンチン誘導体 テオフィリン
0%
止血薬 抗プラスミン薬 アミノカプロン酸
0%
止血薬 抗プラスミン薬 トラネキサム酸
0%
止血薬 トロンビン
0%
止血薬 カルバゾクロムスルホン酸ナトリウム
0%
止血薬 デスモプレシン
0%
抗血栓薬 低分子量ヘパリン
0%
抗血栓薬 試験管内抗凝固薬 クエン酸ナトリウム
0%
抗血栓薬 血小板凝集抑制薬 クロピドグレル
0%
抗貧血薬 鉄欠乏性貧血治療薬 デキストラン鉄
0%
利尿薬 浸透圧利尿薬 マンニトール
0%
利尿薬 浸透圧利尿薬 グリセリン
0%
利尿薬 ループ利尿薬 フロセミド
0%
利尿薬 ループ利尿薬 トラセミド
0%
利尿薬 チアジド系利尿薬 ヒドロクロロチアジド
0%
利尿薬 カリウム保持性利尿薬 スピロノラクトン
0%
利尿薬 炭酸脱水酵素阻害薬 アセタゾラミド
0%
利尿薬 バゾプレシン受容体拮抗薬 トルバプタン
0%
利尿薬 ナトリウム利尿ペプチド カルペリチド
0%
尿崩症治療薬 デスモプレシン
0%
消化管運動・吸収調節薬 下痢治療薬 タンニン酸
0%
消化管運動・吸収調節薬 下痢治療薬 ケイ酸アルミニウム
0%
消化管運動・吸収調節薬 下痢治療薬 ベルベリン
0%
消化管運動・吸収調節薬 下痢治療薬 ロペラミド
0%
消化管運動・吸収調節薬 便秘治療薬 グリセリン
0%
消化管運動・吸収調節薬 便秘治療薬 カルボキシメチルセルロースナトリウム
0%
消化管運動・吸収調節薬 便秘治療薬 硫酸ナトリウム
0%
消化管運動・吸収調節薬 便秘治療薬 硫酸マグネシウム
0%
消化管運動・吸収調節薬 便秘治療薬 アントラキノン誘導体
0%
消化管運動・吸収調節薬 便秘治療薬 ラクツロース
0%
消化管運動・吸収調節薬 下痢治療に用いる抗菌薬 ラニダゾール
0%
消化管運動・吸収調節薬 下痢治療に用いる抗菌薬 スルファサラジン
0%
胃酸抑制薬 H₂受容体拮抗薬 ラニチジン
0%
胃酸抑制薬 プロトンポンプ阻害薬 オメプラゾール
0%
胃酸抑制薬 制酸薬 ケイ酸マグネシウム
0%
胃酸抑制薬 プロスタグランジン製剤 ミソプロストール
0%
粘膜保護剤 スクラルファート
0%
制吐薬 D₂受容体拮抗薬 メトクロプラミド
0%
制吐薬 5-HT₃受容体拮抗薬 オンダンセトロン
0%
制吐薬 NK₁受容体拮抗薬 マロピタント
0%
免疫抑制薬 タクロリムス
0%
免疫抑制薬 オクラシチニブ
0%
免疫抑制薬 メトトレキサート
0%
消毒薬 酸化薬 過酸化水素(オキシドール)
0%
消毒薬 アルキル化薬 ホルマリン
0%
消毒薬 ペルオキソ硫酸水素カリウム
0%
合成抗菌薬 ニトロフラン誘導体 ニトロフラゾン
0%
抗生物質 β-ラクタム系 ベンジルペニシリン
0%
抗生物質 β-ラクタム系 メチシリン
0%
抗生物質 β-ラクタム系 クロキサシリン
0%
抗生物質 β-ラクタム系 セフチオフル
0%
抗生物質 アミノグリコシド系 アミカシン
0%
抗生物質 リンコサミド系 クリンダマイシン
0%
抗生物質 リンコサミド系 リンコマイシン
0%
抗真菌薬 ポリエン系 ナイスタチン
0%
抗真菌薬 グリセオフルビン
0%
抗真菌薬 フルシトシン
0%
抗腫瘍薬 アルキル化薬 ブスルファン
0%
抗腫瘍薬 アルキル化薬 メルファラン
0%
抗腫瘍薬 白金錯体 シスプラチン
0%
抗腫瘍薬 白金錯体 カルボプラチン
0%
抗腫瘍薬 代謝拮抗薬 ラバクホサジン
0%
抗腫瘍薬 代謝拮抗薬 メトトレキサート
0%
抗腫瘍薬 抗腫瘍抗生物質 ブレオマイシン
0%
抗腫瘍薬 抗腫瘍抗生物質 ドキソルビシン
0%
抗腫瘍薬 植物アルカロイド ビンクリスチン
0%
抗腫瘍薬 植物アルカロイド ビンブラスチン
0%
抗腫瘍薬 植物アルカロイド パクリタキセル
0%
抗腫瘍薬 ホルモン関連薬 糖質コルチコイド
0%
抗腫瘍薬 ホルモン関連薬 抗エストロゲン薬
0%
抗腫瘍薬 分子標的薬 イマチニブ
0%
抗腫瘍薬 分子標的薬 トセラニブ
0%
線虫類駆虫薬 ベンズイミダゾール系 チアベンダゾール
0%
線虫類駆虫薬 レバミゾール
0%
線虫類駆虫薬 ピランテル
0%
線虫類駆虫薬 マクロライド系 ミルベマイシンオキシム
0%
線虫類駆虫薬 マクロライド系 モキシデクチン
0%
条虫類駆虫薬 ビチオノール
0%
抗コクシジウム薬 モネンシン
0%
抗コクシジウム薬 ラサロシド
0%
抗コクシジウム薬 トルトラズリル
0%
抗コクシジウム薬 サルファ薬
0%
抗ピロプラズマ薬 ジミナゼン
0%
殺虫薬 フェニルピラゾール系殺虫薬 フィプロニル
0%
殺虫薬 ネオニコチノイド系殺虫薬 クロチアニジン
0%
昆虫成長制御薬 キチン質合成阻害薬 ルフェヌロン
0%
昆虫成長制御薬 昆虫幼若ホルモン薬 メトプレン
0%
中毒治療薬 硝酸塩中毒治療薬 メチレンブルー
0%
中毒治療薬 ウマのワラビ中毒治療薬 チアミン
0%
中毒治療薬 金属中毒治療薬 ジメルカプロール
0%
中毒治療薬 鉛中毒治療薬 エデト酸カルシウム二ナトリウム
0%
抗血栓薬 試験管内抗凝固薬 エデト酸二ナトリウム(2NaEDTA)
0%
抗腫瘍薬 代謝拮抗薬 5-フルオロウラシル(5-FU)
0%
抗腫瘍薬 代謝拮抗薬 6-メルカトプリン
0%
抗腫瘍薬 代謝拮抗薬 シトシンアラビノシド(Ara-C)
0%
抗貧血薬 悪性貧血治療薬 ビタミンB₁₂(シアノコバラミン)
0%
中毒治療薬 銅・水銀・鉛中毒治療薬 D-ペニシラミン
0%
止血薬 ビタミンK
0%
中毒治療薬 殺鼠薬・スイートクローバー中毒治療薬 ビタミンK
0%
抗腫瘍薬 L-アスパラギナーゼ
0%
抗血栓薬 血栓溶解薬 組織プラスミノゲンアクチベータ(t-PA)
0%
No matching quizzes found
Score Distribution
Percent of People with Each Score
Percentile by Number Answered
Your Score History
You have not taken this quiz